Vista normal
Vista MARC
Entrada Nombre personal
Número de registros utilizados en: 4
001 - NÚMERO DE CONTROL
- campo de control: 58292
003 - IDENTIFICADOR DEL NÚMERO DE CONTROL
- campo de control: BNPHU
005 - FECHA Y HORA DE LA ÚLTIMA TRANSACCIÓN
- campo de control: 20240228141912.0
008 - DATOS DE LONGITUD FIJA
- campo de control de longitud fija: 200615|| aca||aabn | a|a d
040 ## - FUENTE DE LA CATALOGACIÓN
- Centro catalogador/agencia de origen: DO-SdBNP
- Lengua de catalogación: spa
- Centro/agencia transcriptor: BNPHU
- Normas de descripción: rda
100 1# - ENCABEZAMIENTO-NOMBRE DE PERSONA
- Nombre de persona: Monte y Tejada, Antonio del,
- Fechas asociadas al nombre: 1783-1861
400 1# - TRAZADO DE VÉASE--NOMBRE DE PERSONA
- Nombre de persona: Tejada, Antonio del Monte y,
- Fechas asociadas al nombre: 1783-1861
400 1# - TRAZADO DE VÉASE--NOMBRE DE PERSONA
- Nombre de persona: Del Monte y Tejada, Antonio,
- Fechas asociadas al nombre: 1783-1861
670 ## - FUENTE DE DATOS ENCONTRADOS
- Cita de la fuente: Monte y Tejada, Antonio del 1783-1861, Historia de Santo Domingo /, 1952-1953.
670 ## - FUENTE DE DATOS ENCONTRADOS
- Cita de la fuente: Historia de Santo Domingo, 1892:
